Hispánica : Atlas universal /

Gardado en:
Detalles Bibliográficos
Formato: Libro
Idioma:Lingua castelá
Publicado: Barcelona, España : Planeta, 2003, c2003
Temas:
Etiquetas: Engadir etiqueta
Sen Etiquetas, Sexa o primeiro en etiquetar este rexistro!

MARC

LEADER 00000nam^a2200000^a^4500
001 000162442
005 20250526000000.0
009 20260310100833.047
020 |a 84-08-46626-7 
037 |a Acervo ITESO - Biblioteca 
041 |a ESP 
082 |a 036. 1  |b HIS ATL 
240 1 1 |a [Enciclopedia Hispánica] 
245 0 0 |a Hispánica :  |b Atlas universal / 
264 4 |a Barcelona, España :  |b Planeta,  |c 2003, c2003 
300 |a 396 p. ;  |c 38.0 cm. 
336 |a texto  |b txt  |2 rdacontenido 
337 |a sin mediación  |b n  |2 rdamedio 
338 |a volumen  |b nc  |2 rdasoporte 
649 |a XX 
650 |a Atlas -  |z España 
650 |a Atlas -  |z Latinoamérica 
650 |a Atlas 
650 |a España -  |x Mapas 
650 |a Latinoamérica -  |x Mapas 
650 |a Geografía -  |x Enciclopedias y Diccionarios 
650 |a Enciclopedias y Diccionarios 
910 |a Fondo General 
920 |a Impresos - Libros 
930 |a Libros Antiguos y Raros 
905 |a 108 
901 |a 0500095167  |b IT2  |c LRA  |u 20250526 
902 |a https://opac.biblio.iteso.mx/vufind/Record/000162442